| 000 | 00680nam a2200193Ia 4500 | ||
|---|---|---|---|
| 005 | 20250508165738.0 | ||
| 008 | 008 250505s9999 xx 000 0 eng d | ||
| 037 | _aTextual | ||
| 040 |
_aFEDL _beng _cFEDL |
||
| 041 |
_aeng _2eng |
||
| 084 |
_a530.07, UNI _qFEDL |
||
| 245 | 0 | _aProceeding of the international conference on the role of laboratory in physics education jaipur india : (December 29.1983 - January 2, 1984). | |
| 245 | 0 | _cUniversity of rajasthan. Jain pur | |
| 260 |
_aJaipur, India _bDepartment of Physics, University of Rajasthan _c1984 |
||
| 300 | _a352p. | ||
| 546 | _aC.S.E.C | ||
| 942 |
_cTEXL _h530.07, UNI |
||
| 999 |
_c1397212 _d1397212 |
||